000 00466nam a2200133Ia 4500
008 100328s9999 xx 000 0 und d
082 _b17412
100 _aरंजीत कर्नल
245 _aहत्यारे का हत्यारा
260 _bहिंद पॅाकेट बुक्स
630 _aहत्यारे का हत्यारा
730 _aहत्यारे का हत्यारा
942 _cBOOK
999 _c511988
_d511985